Statistiques concernant Les coéquipiers de Neymar avec la Seleção

Cliquez ici pour prendre le quiz!

Statistiques générales

  • Ce quiz a été pris 65 fois
  • Le résultat moyen est 32 sur 149

Statistiques - réponses

Première sélectionJoueurNombre de matchsPoste% Correct
17 novembre 2013Marquinhos54D
88%
12 octobre 2008Thiago Silva78D
88%
10 octobre 2006Dani Alves59D
75%
11 octobre 2017Ederson18G
75%
11 septembre 2019Vinicius Junior16A
75%
5 septembre 2006Marcelo47D
73%
26 juin 1999Ronaldinho10A
73%
14 octobre 2015Alisson36G
70%
10 août 2010David Luiz46D
70%
15 novembre 2019Rodrygo9A
66%
15 septembre 2011Casemiro55M
64%
10 novembre 2011Diego Alves7G
61%
8 septembre 2018Richarlison30A
59%
26 mai 2012Juan Jesus3D
57%
19 novembre 2019Douglas Luiz5M
55%
1 septembre 2016Gabriel Jesus39A
55%
8 septembre 2018Lucas Paquetá24M
52%
31 janvier 2002Kaká8M
50%
24 mars 1994Ronaldo1A
50%
15 septembre 2011Danilo42D
46%
12 novembre 2014Douglas Costa18A
46%
27 avril 2005Fred26A
46%
12 novembre 2014Fred26M
46%
9 juillet 2004Júlio César31G
46%
21 mars 2013Diego Costa2A
45%
14 octobre 2009Filipe Luís28D
45%
15 septembre 2011Oscar43M
41%
18 novembre 2020Bruno Guimarães8M
39%
14 novembre 2009Hulk33A
39%
8 octobre 2021Antony7A
38%
7 juin 2015Fabinho17M
38%
27 mars 2011Lucas Moura27A
38%
7 octobre 2010Philippe Coutinho38M
38%
12 novembre 2014Roberto Firmino35A
38%
8 octobre 2021Raphinha12A
36%
13 juillet 2003Robinho14A
36%
10 novembre 2011Alex Sandro24D
34%
12 septembre 2018Éder Militão15D
34%
10 août 2011Fernandinho36M
34%
13 juillet 2003Maicon11D
32%
15 septembre 2011Paulinho49M
32%
9 septembre 2023Gabriel4D
30%
15 août 2012Gabriel1G
30%
30 mai 2016Gabriel Barbosa10A
30%
25 mars 2022Gabriel Martinelli4A
30%
10 septembre 2009Sandro8M
30%
13 juillet 2003Adriano7D
29%
5 juin 200715A
29%
12 novembre 2014Luiz Adriano4A
29%
10 août 2011Luiz Gustavo35M
29%
10 novembre 2011Willian41A
29%
10 août 2010André Felipe1A
27%
8 septembre 2018Arthur Melo10M
27%
12 septembre 2018Felipe2D
27%
20 septembre 2012Lucas2D
27%
15 novembre 2000Lúcio9D
27%
6 février 2013Dante11D
25%
14 août 2013Maxwell9D
25%
11 octobre 2012Fernando7M
23%
23 septembre 2022Bremer2D
21%
22 novembre 2012Bernard9A
20%
17 novembre 2010Douglas1M
20%
12 septembre 2018Neto1G
20%
10 octobre 2019Renan Lodi13D
20%
26 mars 2008Alexandre Pato16A
18%
2 avril 2009Miranda37D
18%
14 novembre 2020Pedro2A
18%
26 mai 2012Rafael1D
18%
6 juin 2009Ramires30M
18%
26 mars 2008Rafinha1D
16%
5 septembre 2015Rafinha2M
16%
23 mars 2019Alex Telles4D
14%
19 novembre 2019Emerson Royal3D
14%
10 août 2010Ganso8M
14%
22 août 2007Lucas Leiva13M
14%
18 octobre 2023Carlos Augusto1M
13%
8 septembre 2018Everton11A
13%
26 mars 2008Hernanes20M
13%
24 juillet 2001Luisão1D
13%
9 septembre 2011Renato Augusto21M
13%
3 septembre 2021Gerson3M
11%
10 septembre 2014Gil5D
11%
17 juin 2023Joelinton2M
11%
16 novembre 2018Allan3M
9%
12 sept. 2018Andreas Pereira1M
9%
7 septembre 2019Bruno Henrique2A
9%
9 septembre 2023Caio Henrique1D
9%
26 mars 2019David Neres2A
9%
7 juin 2008Henrique4D
9%
10 octobre 2019Matheus Henrique1M
9%
8 octobre 2011Fábio1D
7%
27 mars 2011Jonas3A
7%
5 septembre 2015Lucas Lima4M
7%
14 octobre 2014Mário Fernandes1D
7%
26 mars 2008Thiago Neves4M
7%
26 janvier 2017Weverton7G
7%
15 juin 2009André Santos12D
5%
13 octobre 2004Elano4M
5%
20 septembre 2012Fábio Santos3D
5%
26 janvier 2017Fagner6D
5%
22 novembre 2012Jean6M
5%
14 septembre 2011Jefferson16G
5%
13 juin 2017Jemerson1D
5%
11 juin 2003Luís Fabiano2A
5%
3 septembre 2021Matheus Cunha6A
5%
13 juillet 2003Nilmar1A
5%
7 septembre 2016Taison4A
5%
26 mai 2012Wellington Nem2A
5%
20 juin 2023André1M
4%
15 septembre 2011Dedé11D
4%
11 octobre 2009Diego Souza4A
4%
23 septembre 2010Elias20M
4%
6 septembre 2014Everton Ribeiro14M
4%
31 janvier 2002Kléber2D
4%
27 mars 2011Leandro Damião14A
4%
25 avril 2013Marcos Rocha2D
4%
9 juillet 2004Ricardo Oliveira2A
4%
14 octobre 2014Souza3M
4%
17 juin 2023Vanderson1D
4%
13 octobre 2023Yan Couto2D
4%
10 novembre 2017Cássio1G
2%
22 novembre 2012Diego Cavalieri3G
2%
12 août 2009Diego Tardelli6A
2%
7 octobre 2010Giuliano7M
2%
8 octobre 2021Guilherme Arana3D
2%
9 février 2011Jádson7M
2%
10 septembre 2021Lucas Veríssimo2D
2%
5 septembre 2015Marcelo Grohe2G
2%
12 octobre 2018Pablo2D
2%
30 mai 2012Rafael Cabral3G
2%
7 octobre 2010Réver6D
2%
30 mai 2016Rodrigo Caio2D
2%
27 septembre 2022Roger Ibañez2D
2%
29 septembre 2011Rômulo7M
2%
10 août 2010Victor4G
2%
9 juin 2016Walace2M
2%
7 septembre 2012Arouca3M
0%
29 septembre 2011Borges1A
0%
29 septembre 2011Bruno Cortez1D
0%
26 mai 2012Bruno Uvini2D
0%
22 novembre 2012Carlinhos1D
0%
22 novembre 2012Durval1D
0%
10 septembre 2021Edenilson2M
0%
15 novembre 2012Leandro Castán2D
0%
26 janvier 2017Luan1M
0%
6 avril 2013Osvaldo1A
0%
10 août 2011Ralf8M
0%
15 septembre 2011Renato Abreu1M
0%
10 septembre 2014Ricardo Goulart1M
0%

Distribution des résultats

Percentile par nombre de réponses

% des personnes avec chaque résultat

Votre développement - résultats

Vous n’avez pas pris ce quiz